Constellations par image - Statistiques

Statistiques générales
  • Ce quiz a été pris 440 fois
    416 depuis la dernière actualisation
  • Le résultat moyen est 13 sur 28
Statistiques - réponses
Par images Réponse % Correct
Grande ourse
97%
Petite ourse
94%
Cassiopée
78%
Dragon
73%
Gémeaux
67%
Cygne
66%
Croix du sud
62%
Orion
62%
Scorpion
56%
Aigle
55%
Hercule
53%
Grand chien
51%
Bouvier
50%
Céphée
46%
Lion
45%
Pégase
44%
Couronne boréale
43%
Hydre
40%
Flêche
31%
Sagittaire
30%
Taureau
30%
Lyre
24%
Cancer
22%
Persée
22%
Eridan
19%
Lynx
19%
Verseau
18%
Girafe
13%
Aucun quiz correspondant
Distribution des résultats
% des personnes avec chaque résultat
Percentile par nombre de réponses
Votre historique - résultats
Vous n’avez pas pris ce quiz depuis la dernière actualisation